00441nam a22001571 450000500170000000800410001701000170005802000250007503500170010004000180011708200100013510000210014524500430016626000430020930000310025220050808122104.0721219s1962 nyu 000 0 eng  aB-269315-342 a9788123750712c95.00 aB-269315-342 adplbEnglish  a133.7 aDunham, Barrows, aMan against myth /cby Barrows Dunham  aNew Delhi bNational Book Trust c2007 axlvi, 298 p.c21 cm (pbk)